| 000 | 00448nam a22001577a 4500 | ||
|---|---|---|---|
| 020 | _a9788126554270 | ||
| 040 | _cNUST | ||
| 082 | _a005.43 SIL | ||
| 100 |
_aGagne, Gerg _9111647 |
||
| 110 |
_aGalvin, Peter B. Silberschatz, Abraham _9111648 |
||
| 245 | _aOperating System Concepts | ||
| 250 | _a9th edition | ||
| 260 |
_aNew Delhi: _bJohn Wiley & Sons, _c2016. |
||
| 650 |
_aDCE TEXTBOOK OPERATING SYSTEM CONCEPTS _9111649 |
||
| 942 |
_2ddc _cTEXT |
||
| 999 |
_c594411 _d594411 |
||